Geography starting in Q, with second letters A-Z - Statistics

General Stats
  • This quiz has been taken 7 times
  • The average score is 6 of 26
Answer Stats
2nd letter Clue Answer starting with Q % Correct
U Province and city of Canada (6) Quebec
100%
I Huge Chinese port, home to Tsingtao beer (7) Qingdao
71%
O City in Iran where mass is observed (3) Qom
71%
P Code for Singapore's Paya Lebar air base (3) QPG
57%
A City in Iran where French wine is produced by Zulu (6 letters) Qazvin
43%
D Machine learning installation set up on rounded mountain in Oregon (8) Qdai Dome
43%
E Iranian island where the second, hour and minute are all recorded (5) Qeshm
43%
R Azeri village where they have a new type of quiz (4) Qrız
43%
K Headman ___, apartment in Zimbabwe showing advert for a fantasy land (9) Qkadalala
29%
J Street in South Africa with a Scrabble item that's a point worth making (7) Qjetile
14%
M Alaskan cape where Alan from Kent get a lift with the breakdown service to visit Angus; the compact Ford is declared dead and towed away by their van (15) Qmalgaagus Kadaa
14%
Q Eastern N. Carolina racket set up by a yankee in Peruvian locale (10) Qqencconay
14%
V Valley that's seen from the start of October to late May on a Svalbard island (8) Qvaleøya
14%
W Used to be one chief character in British espionage, involved with iodine project at Papuan village (7) Qwasimi
14%
X Abbreviation often used for the medical practice, in Brisbane's state, which uses certain EM wavelengths to take images of inside patients' bodies (3) QXR
14%
Y Town in Kosovo where there's a delay in receiving a file (6) Qylagë
14%
Z Start of hill in Lebanon, El ____, from which uranium has been mined, resulting in a strange quiz (4) Qzih
14%
B Our first extra trick to annoy a guy on an eastern Lebanese mountain (15) Qboûr et Tirkmâne
0%
C You're told to check uniform at a Peruvian hamlet (7) Qcechua
0%
F Latest place I fail you in Syrian village (7) Qfeilun
0%
G Beam installed by company at apartments in Doha (19) Qgirco Accommodation
0%
H Endless software update before a question and answer session on a Bolivian mountain (7) Qhapaqa
0%
L Hill in British Columbia where one writes a note with a democrat (9) Qlawd Hill
0%
N Eritrean village where there isn't any number of vitamin in the container (9) Qnotnejar
0%
S In the morning, Turner is found at Algerian village (8) Qsamtina
0%
T Ed el ___, wadi in Sudan where X marks the spot (4) Qten
0%
No matching quizzes found
Score Distribution
Percent of People with Each Score
Percentile by Number Answered
Your Score History
You have not taken this quiz